<?xml version="1.0" encoding="UTF-8"?>
<collection xmlns:xsi="http://www.w3.org/2001/XMLSchema-instance" xsi:schemaLocation="http://www.loc.gov/MARC21/slim http://www.loc.gov/standards/marcxml/schema/MARC21slim.xsd" xmlns="http://www.loc.gov/MARC21/slim">
 <record>
  <leader>00000cam a22000004i 4500</leader>
  <controlfield tag="001">UP-1685594773861233538</controlfield>
  <controlfield tag="003">Buklod</controlfield>
  <controlfield tag="005">20250226143311.0</controlfield>
  <controlfield tag="006">i|||||||||||||| | </controlfield>
  <controlfield tag="007">ta</controlfield>
  <controlfield tag="008">050119s2001    xx a    rb   |000 0|eng d</controlfield>
  <datafield tag="020" ind1=" " ind2=" ">
   <subfield code="a">9718720189</subfield>
  </datafield>
  <datafield tag="035" ind1=" " ind2=" ">
   <subfield code="a">(iLib)UPBAG-00000011776</subfield>
  </datafield>
  <datafield tag="040" ind1=" " ind2=" ">
   <subfield code="a">BAG</subfield>
   <subfield code="e">rda</subfield>
  </datafield>
  <datafield tag="041" ind1="0" ind2=" ">
   <subfield code="a">eng</subfield>
  </datafield>
  <datafield tag="090" ind1=" " ind2="0">
   <subfield code="a">PN 56 W6</subfield>
   <subfield code="b">W654</subfield>
  </datafield>
  <datafield tag="245" ind1="0" ind2="0">
   <subfield code="a">Women's bodies, women's lives</subfield>
   <subfield code="b">an anthology of Philippine fiction and poetry on women's health issues</subfield>
   <subfield code="c">edited by Thelma B. Kintanar ; art work by Anna Fer, Sandra Torrijos.</subfield>
  </datafield>
  <datafield tag="264" ind1=" " ind2="1">
   <subfield code="a">Quezon City</subfield>
   <subfield code="b">University Center for Women's Studies, University of the Philippines</subfield>
   <subfield code="c">[2001]</subfield>
  </datafield>
  <datafield tag="300" ind1=" " ind2=" ">
   <subfield code="a">x, 238 pages</subfield>
   <subfield code="b">illustrations</subfield>
   <subfield code="c">23 cm</subfield>
  </datafield>
  <datafield tag="336" ind1=" " ind2=" ">
   <subfield code="a">text</subfield>
   <subfield code="2">rdacontent</subfield>
  </datafield>
  <datafield tag="337" ind1=" " ind2=" ">
   <subfield code="a">unmediated</subfield>
   <subfield code="2">rdamedia</subfield>
  </datafield>
  <datafield tag="338" ind1=" " ind2=" ">
   <subfield code="a">volume</subfield>
   <subfield code="2">rdacarrier</subfield>
  </datafield>
  <datafield tag="490" ind1="0" ind2=" ">
   <subfield code="a">Gender, reproductive health and development project</subfield>
  </datafield>
  <datafield tag="505" ind1="0" ind2=" ">
   <subfield code="a">Introduction / Thelma B. Kintanar -- Regla / Ruth Elynia Mabanglo -- Regla sa buwan ng hunyo / Ruth Elynia Mabanglo -- Babaeng nakunan / Ruth Elynia Mabanglo -- Nagbuntis si Dolores / Ruth Elynia Mabanglo -- Soneto sa hysterectomy / Ruth Elynia Mabanglo -- Revolt from hymen / Angela Manalang-Gloria -- Virgin / Lourdes H. Vidal -- Nude / Benilda S. Santos -- Ika-siyam na buwan / Rosalinda V. Pineda -- Ceasarian delivery, ca. 1979 / Aida Santos -- How many children / Denise Chou-Allas -- Ilang pahina mula sa tala-arawan ng isang maybahay / Joi Barrios -- Dalawang tula mula sa pagsilang at hindi pagsilang ng bata / Joi Barrios -- Gahasa / Joi Barrios -- Cancer / Lina S. Reyes -- When you're six / Nice Rodriguez -- Nina / Fanny H.B. Llego -- The stairs / Amelia Lapena-Bonifacio -- Family rites / Rosario Cruz-Lucero -- The dream tiger / Lilia Pablo Amansec -- Nanay / Fanny A. Garcia -- Maternity leave / Ligaya Victorio Reyes -- Dalaw / Francine Y. Medina -- Ang barkada at ang puta o ang puta at ang barkada / Mario L. Cuezon -- A passing life / Katrina P. Tuvera.</subfield>
  </datafield>
  <datafield tag="650" ind1=" " ind2="0">
   <subfield code="a">Women</subfield>
   <subfield code="x">Health and hygiene</subfield>
   <subfield code="z">Philippines.</subfield>
  </datafield>
  <datafield tag="650" ind1=" " ind2="0">
   <subfield code="a">Women in literature.</subfield>
  </datafield>
  <datafield tag="700" ind1="1" ind2=" ">
   <subfield code="a">Kintanar, Thelma B.</subfield>
   <subfield code="e">editor.</subfield>
  </datafield>
  <datafield tag="700" ind1="1" ind2=" ">
   <subfield code="a">Fer, Anna</subfield>
   <subfield code="e">illustrator.</subfield>
  </datafield>
  <datafield tag="905" ind1=" " ind2=" ">
   <subfield code="a">FI</subfield>
  </datafield>
  <datafield tag="852" ind1="0" ind2=" ">
   <subfield code="a">UPBAG</subfield>
   <subfield code="b">UPBAG-MAIN</subfield>
   <subfield code="h">PN 56 W6 W654</subfield>
  </datafield>
  <datafield tag="942" ind1=" " ind2=" ">
   <subfield code="a">Book</subfield>
  </datafield>
 </record>
</collection>
